| 000 | 01614cad a22002535a 4500 | ||
|---|---|---|---|
| 001 | L155910 | ||
| 008 | 120420s2012 xxkd f 000 0 eng d | ||
| 035 | _a(Sirsi) u155910 | ||
| 041 | 0 | _aeng | |
| 050 | 0 | 4 | _a338.4569 $2 18 |
| 110 | 2 |
_aFederation of Master Builders _9465 |
|
| 245 | 0 | 0 |
_aFMB state of trade survey _bfirst quarter 2012 _h[electronic resource] |
| 260 |
_aLondon _bFMB _c2012 |
||
| 490 | 0 |
_aFMB State of Trade Survey _vFirst Quarter 2012 |
|
| 505 | 2 | _aSummary -- Workload -- Residential workload -- Non-residential workload -- Expected workload and enquiries -- Residential expected workload -- Non-residential expected workload and enquiries -- Residential expected workload -- Non-residential expected workload -- Prices and costs -- Employment and labour -- Regional perspective | |
| 520 | _aThe latest State of Trade survey from the FMB showed that SME workloads continued to decline in Q1 2012, indicating that the sector has now been in recession for four years. The outlook for the next quarter has improved since the end of last year, with more than twice as many firms (27%) anticipating an increase in overall workloads, with just over one-third expect a decline. However they are expected to fall again on balance. | ||
| 521 | 2 | _aAdvanced | |
| 590 | _aKA NTK | ||
| 650 | 2 | 4 | _aFEDERATION OF MASTER BUILDERS STATE OF TRADE SURVEY |
| 651 | 4 |
_aUnited Kingdom _y |
|
| 690 |
_aConstruction management _96230 |
||
| 856 | 4 | 0 |
_uhttps://www.fmb.org.uk/information-and-help/publications/state-of-trade-survey/?entryid24=415156 _zView the survey free of charge at www.fmb.org.uk |
| 942 | _n0 | ||
| 999 |
_c113912 _d113912 |
||